[Event "Winnipeg op"]
[Site "Winnipeg"]
[Date "2019.07.16"]
[Round "6.1"]
[White "Abioye, Oyeyemi A"]
[Black "Lafreniere, Adrian"]
[Result "0-1"]
[WhiteElo "2067"]
[BlackElo "1931"]
[PlyCount "90"]
[EventDate "2019.06.04"]
[EventType "swiss"]
[EventRounds "8"]
[EventCountry "CAN"]
[SourceTitle "EXT 2023"]
[Source "ChessBase"]
[SourceDate "2022.10.05"]
[SourceVersion "1"]
[SourceVersionDate "2022.10.05"]
[SourceQuality "1"]

1. e4 c6 2. d4 d5 3. e5 Bf5 4. Bd3 Bxd3 5. Qxd3 e6 6. Ne2 Nd7 7. 0-0 Qc7 8. c3 Ne7 9. Ng3 c5 10. Na3 a6 11. Be3 Nc6 12. Nc2 Be7 13. Ne2 c4 14. Qd2 0-0-0 15. b3 Nb6 16. Rfb1 Kd7 17. Rb2 Rb8 18. Rab1 h6 19. f4 g6 20. Rf1 Rhg8 21. g4 Qd8 22. Ng3 Bh4 23. Qg2 Bxg3 24. hxg3 Ne7 25. Na3 Qc7 26. bxc4 Nxc4 27. Nxc4 Qxc4 28. Rc1 b5 29. Rf2 h5 30. f5 gxf5 31. gxf5 Nxf5 32. Rxf5 exf5 33. Rf1 Ke6 34. Rxf5 Kxf5 35. Qf3+ Ke6 36. Qf6+ Kd7 37. Qd6+ Kc8 38. e6 Qc7 39. Qxa6+ Kd8 40. Bf2 Ke7 41. exf7 Kxf7 42. Qh6 Rxg3+ 43. Bxg3 Qxg3+ 44. Kf1 Qf3+ 45. Ke1 Re8+ 0-1

[Event "Winnipeg op"]
[Site "Winnipeg"]
[Date "2019.06.18"]
[Round "3.7"]
[White "Marshall, Carter"]
[Black "Abioye, Oyeyemi A"]
[Result "0-1"]
[WhiteElo "1561"]
[BlackElo "2067"]
[PlyCount "72"]
[EventDate "2019.06.04"]
[EventType "swiss"]
[EventRounds "8"]
[EventCountry "CAN"]
[SourceTitle "EXT 2023"]
[Source "ChessBase"]
[SourceDate "2022.10.05"]
[SourceVersion "1"]
[SourceVersionDate "2022.10.05"]
[SourceQuality "1"]

1. e4 e6 2. d4 d5 3. Nd2 Nf6 4. e5 Nfd7 5. Ngf3 c5 6. c3 Nc6 7. Bd3 Qb6 8. Qb3 c4 9. Qxb6 axb6 10. Bc2 b5 11. b4 Bxb4 12. cxb4 Nxb4 13. Bb1 c3 14. 0-0 c2 15. a3 cxb1Q 16. Rxb1 Nd3 17. Rxb5 0-0 18. Nb3 Nxc1 19. Rxc1 Rxa3 20. Nc5 Nxc5 21. Rcxc5 Bd7 22. Rb1 Rfa8 23. Rcc1 Bc6 24. Rb2 g6 25. Rcb1 R8a4 26. h4 Rc4 27. Rb3 Rxb3 28. Rxb3 b5 29. Kf1 b4 30. Ke2 Ba4 31. Rb2 b3 32. Kd3 Rc8 33. Nd2 Rc2 34. Rxc2 bxc2 35. Nb3 Bxb3 36. Kd2 Kf8 0-1

[Event "Winnipeg op"]
[Site "Winnipeg"]
[Date "2019.06.11"]
[Round "2.3"]
[White "Abioye, Oyeyemi A"]
[Black "Rutter, Blair A"]
[Result "0-1"]
[WhiteElo "2067"]
[BlackElo "1896"]
[PlyCount "56"]
[EventDate "2019.06.04"]
[EventType "swiss"]
[EventRounds "8"]
[EventCountry "CAN"]
[SourceTitle "EXT 2023"]
[Source "ChessBase"]
[SourceDate "2022.10.05"]
[SourceVersion "1"]
[SourceVersionDate "2022.10.05"]
[SourceQuality "1"]

1. e4 e6 2. d4 d5 3. exd5 exd5 4. Nf3 Nf6 5. h3 Bd6 6. Bd3 0-0 7. 0-0 Re8 8. Re1 Nbd7 9. c3 c6 10. Be3 Qc7 11. Qc2 Ne4 12. Nbd2 Ndf6 13. Ng5 Bf5 14. f3 Bh2+ 15. Kh1 Ng3+ 16. Kxh2 Rxe3 17. Bxf5 Nxf5+ 18. Kg1 Qf4 19. h4 Nxh4 20. Nh3 Qh6 21. Kf2 Rae8 22. g4 Rxe1 23. Rxe1 Rxe1 24. Kxe1 Nxf3+ 25. Nxf3 Qxh3 26. Qf5 Qxg4 27. Qe5 Qe4+ 28. Kf2 Ng4+ 0-1

[Event "Winnipeg op"]
[Site "Winnipeg"]
[Date "2019.06.04"]
[Round "1.4"]
[White "Myrzaibraimova, Aibike"]
[Black "Abioye, Oyeyemi A"]
[Result "0-1"]
[WhiteElo "1581"]
[BlackElo "2067"]
[PlyCount "114"]
[EventDate "2019.06.04"]
[EventType "swiss"]
[EventRounds "8"]
[EventCountry "CAN"]
[SourceTitle "EXT 2023"]
[Source "ChessBase"]
[SourceDate "2022.10.05"]
[SourceVersion "1"]
[SourceVersionDate "2022.10.05"]
[SourceQuality "1"]

1. e4 e6 2. d4 d5 3. Nc3 Nf6 4. exd5 exd5 5. Bd3 Bd6 6. Nf3 Bg4 7. Qe2+ Be7 8. Bf4 c6 9. h3 Bh5 10. 0-0 0-0 11. Rae1 Bb4 12. a3 Ba5 13. Qe7 Nbd7 14. Qxd8 Raxd8 15. Bd6 Rfe8 16. Rxe8+ Rxe8 17. Ne5 Bb6 18. Nxd7 Nxd7 19. g4 Re6 20. Bg3 Bg6 21. Bxg6 hxg6 22. Rd1 Nf6 23. f3 Ne8 24. g5 Ba5 25. b4 Bc7 26. Bxc7 Nxc7 27. Kf2 b5 28. h4 Kf8 29. Rd3 Ke7 30. Re3 Ne8 31. a4 a6 32. a5 Nd6 33. Nb1 Rxe3 34. Kxe3 Nf5+ 35. Kf4 Nxd4 36. Na3 Kd6 37. Kg4 Ke5 38. c3 Ne2 39. Nb1 f6 40. f4+ Nxf4 41. Nd2 Ne6 42. gxf6 gxf6 43. Kf3 d4 44. c4 Ng7 45. cxb5 cxb5 46. Nb3 Ne6 47. Ke2 Ke4 48. Nd2+ Kd5 49. Kf3 f5 50. Ke2 g5 51. hxg5 Nxg5 52. Kd3 f4 53. Ke2 f3+ 54. Kd3 f2 55. Ke2 Ne4 56. Nxe4 Kxe4 57. Kxf2 Kd3 0-1

[Event "Winnipeg Divinsky Memorial"]
[Site "Winnipeg"]
[Date "2019.04.16"]
[Round "3.2"]
[White "Abioye, Oyeyemi A"]
[Black "MacPherson, Al"]
[Result "1-0"]
[WhiteElo "2047"]
[BlackElo "1688"]
[PlyCount "97"]
[EventDate "2019.04.02"]
[EventType "swiss"]
[EventRounds "4"]
[EventCountry "CAN"]
[SourceTitle "EXT 2022"]
[Source "ChessBase"]
[SourceDate "2021.10.06"]
[SourceVersion "1"]
[SourceVersionDate "2021.10.06"]
[SourceQuality "1"]

1. e4 c5 2. Nf3 d6 3. d4 cxd4 4. Nxd4 Nf6 5. Nc3 a6 6. Bc4 e6 7. Bg5 Be7 8. Qd2 h6 9. Be3 Nbd7 10. f3 Ne5 11. Bb3 Qc7 12. 0-0-0 Nc4 13. Bxc4 Qxc4 14. Nb3 Bd7 15. Qd4 Qc8 16. Qb6 0-0 17. g4 Bc6 18. Qd4 e5 19. Qd2 Nh7 20. h4 Qe6 21. Qe2 Rac8 22. Nd5 Bd8 23. Qg2 f6 24. Rd2 Ba4 25. Kb1 Bxb3 26. axb3 Rf7 27. Rhd1 b5 28. Qf2 Rb7 29. Rd3 Bc7 30. Nxc7 Rbxc7 31. Rxd6 Qe8 32. c3 Nf8 33. Rxa6 Ne6 34. b4 Rc4 35. Qd2 Rd8 36. Rd6 Rcc8 37. Bb6 Rxd6 38. Qxd6 Kh7 39. Qd7 Qxd7 40. Rxd7 Nf4 41. Rd2 Ne6 42. Be3 Rd8 43. Rd5 Rxd5 44. exd5 Nf8 45. b3 Nd7 46. c4 bxc4 47. bxc4 Kg8 48. c5 Kf8 49. c6 1-0

[Event "Winnipeg TNT March op"]
[Site "Winnipeg"]
[Date "2019.03.12"]
[Round "2.1"]
[White "Abioye, Oyeyemi A"]
[Black "Samson, Larry"]
[Result "1-0"]
[WhiteElo "2065"]
[BlackElo "1737"]
[PlyCount "51"]
[EventDate "2019.03.05"]
[EventType "swiss"]
[EventRounds "4"]
[EventCountry "CAN"]
[SourceTitle "EXT 2022"]
[Source "ChessBase"]
[SourceDate "2021.10.06"]
[SourceVersion "1"]
[SourceVersionDate "2021.10.06"]
[SourceQuality "1"]

1. e3 c5 2. Nf3 Nc6 3. d4 cxd4 4. exd4 Nf6 5. Bd3 e6 6. 0-0 Be7 7. c3 0-0 8. Nbd2 d6 9. Ne4 Nxe4 10. Bxe4 h6 11. Bc2 e5 12. Re1 exd4 13. Nxd4 Nxd4 14. Qxd4 f5 15. Qd5+ Kh8 16. Bf4 Rf6 17. Bb3 Kh7 18. h4 Rf8 19. h5 Rb8 20. Rad1 Bd7 21. Bxd6 Bxd6 22. Qxd6 Bc6 23. Qg6+ Kh8 24. Rxd8 Rbxd8 25. Re7 Rd7 26. Qxg7# 1-0

[Event "Winnipeg TNT March op"]
[Site "Winnipeg"]
[Date "2019.03.05"]
[Round "1.1"]
[White "Crawford, Gary"]
[Black "Abioye, Oyeyemi A"]
[Result "0-1"]
[WhiteElo "1561"]
[BlackElo "2065"]
[PlyCount "52"]
[EventDate "2019.03.05"]
[EventType "swiss"]
[EventRounds "4"]
[EventCountry "CAN"]
[SourceTitle "EXT 2022"]
[Source "ChessBase"]
[SourceDate "2021.10.06"]
[SourceVersion "1"]
[SourceVersionDate "2021.10.06"]
[SourceQuality "1"]

1. e4 e6 2. Nf3 d5 3. e5 c5 4. Be2 Nc6 5. c3 c4 6. b3 b5 7. Ba3 Bxa3 8. Nxa3 a6 9. Nc2 Qc7 10. 0-0 Nxe5 11. Nxe5 Qxe5 12. f4 Qd6 13. Bg4 Nf6 14. f5 0-0 15. Bh3 e5 16. Qf3 Ne4 17. Rad1 Bb7 18. d4 cxd3 19. Qxd3 Qc5+ 20. Qe3 Qxe3+ 21. Nxe3 Nxc3 22. Rd2 d4 23. Nd1 b4 24. Bg4 f6 25. Be2 Rac8 26. Bc4+ Kh8 0-1

[Event "Winnipeg TNT January op"]
[Site "Winnipeg"]
[Date "2019.01.15"]
[Round "2.2"]
[White "MacPherson, Al"]
[Black "Abioye, Oyeyemi A"]
[Result "0-1"]
[WhiteElo "1680"]
[BlackElo "1935"]
[PlyCount "92"]
[EventDate "2019.01.08"]
[EventType "swiss"]
[EventRounds "4"]
[EventCountry "CAN"]
[SourceTitle "EXT 2022"]
[Source "ChessBase"]
[SourceDate "2021.10.06"]
[SourceVersion "1"]
[SourceVersionDate "2021.10.06"]
[SourceQuality "1"]

1. d4 c6 2. c4 d5 3. Nc3 Nf6 4. Nf3 e6 5. Bg5 Nbd7 6. e3 Bb4 7. a3 Bxc3+ 8. bxc3 Qa5 9. Qb3 Ne4 10. Qb4 Qxb4 11. cxb4 Nxg5 12. Nxg5 a5 13. b5 dxc4 14. bxc6 bxc6 15. Bxc4 c5 16. dxc5 Nxc5 17. Bb5+ Bd7 18. Bxd7+ Nxd7 19. 0-0 Ke7 20. Ne4 Nf6 21. Nc3 Rhc8 22. Nb5 Rc5 23. a4 Rac8 24. Rfd1 Nd5 25. e4 Nb6 26. f3 Nxa4 27. Nd6 R8c6 28. Nb7 Rb5 29. Rxa4 Rxb7 30. Rxa5 Rc2 31. Kh1 Rbb2 32. Rg1 Kf6 33. h3 Rf2 34. Raa1 Ke5 35. Ra5+ Kf4 36. Rh5 h6 37. Rh4+ Ke3 38. e5 Rfe2 39. Kh2 Kf2 40. Rg4 g6 41. f4 Re4 42. Rc1 h5 43. Rh4 Re1 44. Rxe1 Kxe1 45. Kg1 Rf2 46. g3 Ke2 0-1

[Event "Winnipeg Kaptsan Memorial"]
[Site "Winnipeg"]
[Date "2018.11.17"]
[Round "3.3"]
[White "Melnyk, Jim"]
[Black "Abioye, Oyeyemi A"]
[Result "0-1"]
[WhiteElo "1633"]
[BlackElo "1886"]
[PlyCount "106"]
[EventDate "2018.11.17"]
[EventType "swiss"]
[EventRounds "5"]
[EventCountry "CAN"]
[SourceTitle "EXT 2023"]
[Source "ChessBase"]
[SourceDate "2022.10.05"]
[SourceVersion "1"]
[SourceVersionDate "2022.10.05"]
[SourceQuality "1"]

1. e4 e6 2. d4 d5 3. exd5 exd5 4. Nf3 Nf6 5. Be2 Bd6 6. Nc3 c6 7. 0-0 0-0 8. Re1 Bg4 9. Qd3 Qc7 10. h3 Bh5 11. Bf1 Nbd7 12. Be3 Bb4 13. Be2 Bg6 14. Qd1 Ne4 15. Bd2 Nxd2 16. Qxd2 Nf6 17. a3 Ne4 18. Qe3 Bxc3 19. bxc3 b5 20. Bd3 Rfe8 21. Ne5 f6 22. Nxg6 hxg6 23. Qf3 f5 24. a4 a6 25. axb5 axb5 26. Rab1 Nxc3 27. Rxe8+ Rxe8 28. Ra1 Ne4 29. Re1 Ra8 30. g4 Rf8 31. Re2 Qa7 32. Bxe4 fxe4 33. Qc3 Qb6 34. Qb4 Qa6 35. c3 Qa4 36. Qb1 Ra8 37. Rc2 Qa1 38. Qxa1 Rxa1+ 39. Kg2 Kf7 40. Kg3 g5 41. Re2 Rd1 42. Re3 b4 43. cxb4 Rxd4 44. f3 Rxb4 45. fxe4 Rxe4 46. Rb3 Re6 47. h4 gxh4+ 48. Kxh4 Ke7 49. Kg5 Kd6 50. Kf5 c5 51. g5 g6+ 52. Kg4 d4 53. Ra3 Kd5 0-1

[Event "Winnipeg TNT October op"]
[Site "Winnipeg"]
[Date "2018.10.23"]
[Round "4.2"]
[White "Abioye, Oyeyemi A"]
[Black "Bince, Rolando"]
[Result "1-0"]
[WhiteElo "1876"]
[BlackElo "1839"]
[PlyCount "95"]
[EventDate "2018.10.02"]
[EventType "swiss"]
[EventRounds "5"]
[EventCountry "CAN"]
[SourceTitle "EXT 2022"]
[Source "ChessBase"]
[SourceDate "2021.10.06"]
[SourceVersion "1"]
[SourceVersionDate "2021.10.06"]
[SourceQuality "1"]

1. e4 c5 2. Nf3 Nc6 3. d4 cxd4 4. Nxd4 Nf6 5. Nc3 a6 6. Be3 d6 7. f3 e5 8. Nb3 Be6 9. Qd2 Be7 10. 0-0-0 Bxb3 11. cxb3 Qa5 12. Kb1 0-0 13. Bc4 Rac8 14. Bd5 Nd7 15. Bxc6 bxc6 16. Nd5 Qd8 17. Nxe7+ Qxe7 18. Qxd6 Qxd6 19. Rxd6 Rc7 20. Rhd1 Nb8 21. Bc5 f6 22. Rd8 Rxd8 23. Rxd8+ Kf7 24. Rxb8 g5 25. Ra8 h5 26. Rxa6 Kg6 27. Ra7 Rc8 28. Rd7 g4 29. a4 f5 30. a5 Kg5 31. a6 fxe4 32. fxe4 Kf4 33. Re7 Kxe4 34. Bd6 Kd5 35. Bxe5 c5 36. a7 Ra8 37. Bb8 h4 38. Kc2 h3 39. g3 Kc6 40. Kd3 Kb5 41. Kc3 Ka5 42. Kc4 Kb6 43. Rc7 Ka6 44. Kxc5 Ka5 45. b4+ Ka6 46. b5+ Ka5 47. b4+ Ka4 48. b6 1-0

[Event "Winnipeg TNT October op"]
[Site "Winnipeg"]
[Date "2018.10.16"]
[Round "3.4"]
[White "Melnyk, Jim"]
[Black "Abioye, Oyeyemi A"]
[Result "0-1"]
[WhiteElo "1572"]
[BlackElo "1876"]
[PlyCount "56"]
[EventDate "2018.10.02"]
[EventType "swiss"]
[EventRounds "5"]
[EventCountry "CAN"]
[SourceTitle "EXT 2022"]
[Source "ChessBase"]
[SourceDate "2021.10.06"]
[SourceVersion "1"]
[SourceVersionDate "2021.10.06"]
[SourceQuality "1"]

1. e4 e6 2. Nc3 d5 3. Nf3 Bb4 4. exd5 exd5 5. Qe2+ Ne7 6. a3 Ba5 7. Qb5+ c6 8. Qb3 0-0 9. Be2 Nf5 10. 0-0 Re8 11. Bd3 Nh4 12. Nxh4 Qxh4 13. Qa4 Qd8 14. b4 Bc7 15. Ne2 Be6 16. Bb2 b5 17. Bxb5 cxb5 18. Qxb5 Nd7 19. Nd4 a6 20. Qd3 Ne5 21. Qb3 Nc4 22. Bc3 Qg5 23. Nf3 Qg6 24. Qb2 Bh3 25. Nh4 Qg4 26. d3 Qxh4 27. g3 Qh5 28. dxc4 Qf3 0-1